Szczegóły MARC21

Atlas anatomii człowieka. T. 2, Klatka piersiowa, brzuch, miednica, kończyna dolna /

003 -Nazwa inst., której nr kontr. jest w polu 001 [,]
    • @
    • Nazwa instytucji, której n kontrolny jest w polu 001
    • NUKAT
005 -DATA I CZAS OSTATNIEJ MODYFIKACJI [,]
    • @
    • pole kontrolne
    • 20241231090216.0
020 -Międzynarod. znormalizowany nr książki - ISBN [ , ]
    • a
    • Numer ISBN
    • 8385842020 Find
040 -Instytucja sporządzająca opis [ , ]
    • a
    • Instytucja, która sporządziła opis (NP)
    • KR 122/DP
    • c
    • Instytucja, która sporządziła rekord (NP)
    • KR 122/DP
    • d
    • Instytucja, która zmodyfikowała rekord (P)
    • KR 122/MN
    • d
    • Instytucja, która zmodyfikowała rekord (P)
    • KR U/42JCs
    • d
    • Instytucja, która zmodyfikowała rekord (P)
    • OLSZT 003/baks
041 -Język dokumentu [1, ]
    • a
    • Język tekstu (P)
    • polski
    • a
    • Język tekstu (P)
    • łaciński
    • h
    • Język tekstu oryginalnego i/lub pośredniego (P)
    • niemiecki
942 -Rodzaj dokumentu [ , ]
    • c
    • Rodzaj dokumentu
    • Książka
100 -Hasło główne - nazwa osobowa [1, ]
    • a
    • Nazwa osobowa (NP)
    • Sobotta, Johannes
    • d
    • Daty biograficzne (NP)
    • (1869-1945).
    • 9
    • KHW
    • 73995
240 -Tytuł ujednolicony [1,0]
    • a
    • Tytuł ujednolicony
    • Atlas der Anatomie des Menschen
    • l
    • Język tekstu
    • (pol.)
    • 9
    • KHW
    • 73999
245 -Strefa tytułu i oznaczenia odpowiedzialności [1,0]
    • a
    • Tytuł
    • Atlas anatomii człowieka. Find
    • n
    • Oznaczenie części (P)
    • T. 2,
    • p
    • Nazwa części (P)
    • Klatka piersiowa, brzuch, miednica, kończyna dolna /
    • c
    • Pozostałe elementy strefy tytułu i oznaczenia odpowiedzialności (NP)
    • Sobotta ; oprac. przez R. Putza i R. Pabsta ; [tł. Elżbieta Ziółkowska].
246 -Wariant tytułu [3,0]
    • a
    • Tytuł (NP)
    • Klatka piersiowa, brzuch, miednica, kończyna dolna
250 -Strefa wydania [ , ]
    • a
    • Oznaczenie wydania (NP)
    • Wyd. 2 pol. /
    • b
    • Ciąg dalszy strefy wydania (NP)
    • oprac. przez M. Ziółkowskiego.
260 -Strefa adresu wydawniczego [ , ]
    • a
    • Miejsce wydania (P)
    • Wrocław :
    • b
    • Nazwa wydawcy (P)
    • Urban & Partner,
    • c
    • Data wydania (P)
    • 1997.
300 -Strefa opisu fizycznego [ , ]
    • a
    • Określenie formy książki i/lub objętość (NP)
    • [8], 401 s. :
    • b
    • Oznaczenie ilustracji (NP)
    • il. ;
    • c
    • Format (NP)
    • 29 cm.
336 -Typ zawartości [ , ]
    • a
    • Termin opisujący typ zawartości
    • Tekst
    • b
    • Kod określający zawartość
    • txt
    • 2
    • Źródło (terminu i kodu)
    • rdacontent
337 -Typ mediów [ , ]
    • a
    • Tryb odtwarzania
    • Bez urządzenia pośredniczącego
    • b
    • Kod typu mediów
    • n
    • 2
    • Źródło (terminu i kodu)
    • rdamedia
338 -Typ/rodzaj nośnika [ , ]
    • a
    • Hasło opisujące typ nośnika
    • Wolumin
    • b
    • Kod typu nośnika
    • nc
    • 2
    • Źródło (terminu i kodu)
    • rdacarrier
504 -Uwaga dot. bibliogr. załącznikowej [ , ]
    • a
    • Uwaga dot. bibliografii załącznikowej
    • Indeks.
546 -Uwaga dot. języka [ , ]
    • a
    • Uwaga dot. języka
    • Nomenklatura gł. łac.
080 -Uniwersalna Klasyfikacja Dziesiętna [ , ]
    • a
    • Symbol klasyfikacji
    • 611(084)=71=84
650 -Hasło przedmiotowe [ ,7]
    • a
    • Hasło przedmiotowe
    • Anatomia człowieka
    • v
    • Określnik formalny
    • atlasy.
    • 2
    • Źródło terminu
    • kaba
    • 9
    • KHW
    • 354229
650 -Hasło przedmiotowe [ ,7]
    • a
    • Hasło przedmiotowe
    • Klatka piersiowa
    • x
    • Określnik rzeczowy
    • anatomia
    • v
    • Określnik formalny
    • atlasy.
    • 2
    • Źródło terminu
    • kaba
    • 9
    • KHW
    • 512255
650 -Hasło przedmiotowe [ ,7]
    • a
    • Hasło przedmiotowe
    • Miednica (anatomia)
    • v
    • Określnik formalny
    • atlasy.
    • 2
    • Źródło terminu
    • kaba
    • 9
    • KHW
    • 512256
650 -Hasło przedmiotowe [ ,7]
    • a
    • Hasło przedmiotowe
    • Brzuch
    • x
    • Określnik rzeczowy
    • anatomia
    • v
    • Określnik formalny
    • atlasy.
    • 2
    • Źródło terminu
    • kaba
    • 9
    • KHW
    • 679016
650 -Hasło przedmiotowe [ ,7]
    • a
    • Hasło przedmiotowe
    • Kończyna dolna
    • x
    • Określnik rzeczowy
    • anatomia
    • v
    • Określnik formalny
    • atlasy.
    • 2
    • Źródło terminu
    • kaba
    • 9
    • KHW
    • 426298
980 -Symbol UKD [ , ]
    • a
    • UKD
    • 611(084)=71=84
700 -Hasło dodatkowe - nazwa osobowa [1, ]
    • a
    • Nazwa osobowa (NP)
    • Putz, Reinhard. Find
    • e
    • Określenie rodzaju współpracy
    • Oprac.
    • 9
    • KHW
    • 73994
700 -Hasło dodatkowe - nazwa osobowa [1, ]
    • a
    • Nazwa osobowa (NP)
    • Pabst, Reinhard. Find
    • e
    • Określenie rodzaju współpracy
    • Oprac.
    • 9
    • KHW
    • 73993
700 -Hasło dodatkowe - nazwa osobowa [1, ]
    • a
    • Nazwa osobowa (NP)
    • Ziółkowski, Mieczysław Find
    • d
    • Daty biograficzne (NP)
    • ( -2002).
    • e
    • Określenie rodzaju współpracy
    • Oprac.
    • 9
    • KHW
    • 73997
700 -Hasło dodatkowe - nazwa osobowa [1, ]
    • a
    • Nazwa osobowa (NP)
    • Ziółkowska, Elżbieta. Find
    • e
    • Określenie rodzaju współpracy
    • Tł.
    • 9
    • KHW
    • 73996
710 -Hasło dodatkowe - nazwa ciała zbiorowego [2, ]
    • a
    • Nazwa ciała zbiorowego lub nazwa geograficzna jako pierwszy element (NP)
    • Wydawnictwo Medyczne Urban & Partner.
    • 4
    • Kod relacji
    • pbl
    • 9
    • KHW
    • 68185
920 -ISBN [ , ]
    • a
    • ISBN
    • 83-85842-02-0 Find
Numer inwentarzowy Status udost. Sygnatura Lokalizacja Data inwentaryzacji
WF.51811 BM1997-10-16
WF.6953-3 BM2001-05-18
WF.51791Anatomia atlasy 06BM1997-10-16
WF.5183-3 BM1997-10-16